Statistics for Famous Tonys

Click here to take the quiz!

General Stats

  • This quiz has been taken 101 times
    (39 since last reset)
  • The average score is 9 of 18

Answer Stats

HintAnswer% Correct
British PM (1997-2007)Tony Blair
91%
Hannibal LecterAnthony Hopkins
89%
Cleopatra's loverMark Antony
80%
Skateboarder known as The BirdmanTony Hawk
69%
Iron ManTony Stark
69%
Frosty mascotTony the Tiger
69%
Norman Bates in "Psycho"Anthony Perkins
63%
Zorba the GreekAnthony Quinn
60%
"Some Like it Hot" starTony Curtis
60%
James Gandolfini's HBO gangsterTony Soprano
60%
"Four Seasons" composerAntonio Vivaldi
57%
Broadway theater prizeTony Award
51%
Al Pacino's ScarfaceTony Montana
49%
Suffragist depicted on the 1$ coinSusan B. Anthony
26%
NBA scoring champion 2013 for the KnicksCarmelo Anthony
14%
"The Little Prince" authorAntoine de Saint-Exupéry
11%
Russian playwright ("The Seagull")Anton Chekhov
11%
Australian prime minister 2013-15Tony Abbott
11%

Score Distribution

Percentile by Number Answered

Percent of People with Each Score

Your Score History

You have not taken this quiz since the last reset